| 000 | 00000nam##2200000za#4500 |
| 001 | 9.686716 |
| 003 | CaOODSP |
| 005 | 20210624230648 |
| 007 | cr ||||||||||| |
| 008 | 150407|2001||||xxc|||||o f|0| 0 eng|d |
| 020 | |a0-662-35187-8 |
| 040 | |aCaOODSP|beng |
| 043 | |an-cn--- |
| 086 | 1 |aH44-54/2003E-PDF |
| 110 | 1 |aCanada. |bHealth Canada. |
| 245 | 10|aPromotion and support of healthy eating : |h[electronic resource]|ban initial overview of knowledge gaps and research needs - summary report / |cby Diane McAmmond and Associates. |
| 260 | |aOttawa - Ontario : |bHealth Canada |cMarch 2001. |
| 300 | |a7p. |
| 590 | |a14-14-Supp|b2014-07-24 |
| 690 | 07|aNutrition|2gcpds |
| 690 | 07|aHealth promotion|2gcpds |
| 775 | 08|tPromotion et mesures de soutien d'une saine alimentation : |w(CaOODSP)9.631179 |
| 856 | 40|ahttp://publications.gc.ca|qPDF|s113 KB|uhttps://publications.gc.ca/collections/collection_2014/sc-hc/H44-54-2003-eng.pdf |